[Event "Doeberl Cup 56th"]
[Site "Canberra"]
[Date "2018.03.30"]
[Round "4"]
[White "Zulfic, Fedja"]
[Black "Prasad, Lalit"]
[Result "1-0"]
[WhiteElo "2156"]
[BlackElo "1986"]
[PlyCount "83"]
[EventDate "2018.03.29"]
[EventType "swiss"]
[EventRounds "9"]
[EventCountry "AUS"]
[SourceTitle "CBM 187 Extra"]
[Source "ChessBase"]
[SourceDate "2018.11.04"]
[SourceVersion "1"]
[SourceVersionDate "2018.11.04"]
[SourceQuality "1"]

1. d4 Nf6 2. c4 g6 3. Nc3 Bg7 4. e4 d6 5. Nf3 0-0 6. Be2 Na6 7. 0-0 e5 8. Re1 exd4 9. Nxd4 Nc5 10. Bf1 Re8 11. f3 c6 12. Be3 h5 13. Qd2 h4 14. b4 Ncd7 15. Rad1 Ne5 16. Bg5 h3 17. f4 hxg2 18. Qxg2 Neg4 19. h3 Qb6 20. hxg4 Nxg4 21. e5 dxe5 22. a3 f6 23. c5 Qc7 24. Bh4 Bh6 25. Bc4+ Kg7 26. Ne6+ Bxe6 27. Bxe6 Rxe6 28. Qxg4 f5 29. Qh3 Bxf4 30. Ne4 Rae8 31. Nd6 Rh8 32. Qb3 Re7 33. Qh3 Bg5 34. Qg2 Bxh4 35. Nxf5+ Kf7 36. Nxh4 Rxh4 37. Rd6 Rh6 38. Qg5 Kg7 39. Rxe5 Rxe5 40. Qxe5+ Kh7 41. Qe6 Qg7 42. Rd7 1-0

[Event "Adelaide Lidums IM"]
[Site "Adelaide"]
[Date "2017.12.08"]
[Round "9"]
[White "Zulfic, Fedja"]
[Black "Brown, Andrew"]
[Result "0-1"]
[WhiteElo "2135"]
[BlackElo "2319"]
[PlyCount "84"]
[EventDate "2017.12.02"]
[EventType "tourn"]
[EventRounds "9"]
[EventCountry "AUS"]
[EventCategory "1"]
[SourceTitle "CBM 182 Extra"]
[Source "ChessBase"]
[SourceDate "2018.02.23"]
[SourceVersion "1"]
[SourceVersionDate "2018.02.23"]
[SourceQuality "1"]

1. e4 e5 2. Nf3 Nc6 3. Bb5 a6 4. Ba4 d6 5. Bxc6+ bxc6 6. d4 exd4 7. Nxd4 Bd7 8. c4 Be7 9. Nc3 Bf6 10. 0-0 Ne7 11. Qd3 0-0 12. Bd2 c5 13. Nf5 Nxf5 14. exf5 Bc6 15. Rae1 a5 16. Re3 a4 17. b3 axb3 18. axb3 Ra3 19. Nd5 Bxd5 20. cxd5 Bg5 21. f4 Bf6 22. Rh3 Qa8 23. g4 Bd4+ 24. Be3 Qxd5 25. f6 Bxe3+ 26. Qxe3 gxf6 27. Qg3 Qd4+ 28. Rf2 Ra1+ 29. Kg2 Qe4+ 30. Qf3 Re8 31. Rh6 Qxf3+ 32. Kxf3 Kg7 33. g5 fxg5 34. fxg5 Rb1 35. Kg4 Rxb3 36. h4 Re4+ 37. Kh5 Rh3 38. Rxh7+ Kxh7 39. Rxf7+ Kg8 40. Rxc7 Rhxh4+ 41. Kg6 Re6+ 42. Kf5 Rhe4 0-1

[Event "Adelaide Lidums IM"]
[Site "Adelaide"]
[Date "2017.12.07"]
[Round "8"]
[White "Liu, Yi"]
[Black "Zulfic, Fedja"]
[Result "0-1"]
[WhiteElo "2366"]
[BlackElo "2135"]
[PlyCount "70"]
[EventDate "2017.12.02"]
[EventType "tourn"]
[EventRounds "9"]
[EventCountry "AUS"]
[EventCategory "1"]
[SourceTitle "CBM 182 Extra"]
[Source "ChessBase"]
[SourceDate "2018.02.23"]
[SourceVersion "1"]
[SourceVersionDate "2018.02.23"]
[SourceQuality "1"]

1. d4 Nf6 2. Nf3 g6 3. Nc3 d5 4. Bf4 c6 5. e3 Bg7 6. h3 a5 7. Bd3 Nbd7 8. 0-0 a4 9. b3 a3 10. b4 0-0 11. Rb1 Re8 12. Rb3 Nh5 13. Bh2 e5 14. dxe5 Nxe5 15. Nxe5 Bxe5 16. Bxe5 Rxe5 17. Nb1 Qh4 18. Qf3 Rg5 19. Kh2 Bg4 20. Nd2 Bxf3 21. Nxf3 Rxg2+ 22. Kxg2 Qe7 23. c4 Nf6 24. Rc1 Ne4 25. c5 h5 26. Rc2 Kg7 27. Nd4 Ng5 28. h4 Ne4 29. Nf3 Qe6 30. Nh2 Ra4 31. Re2 Qf6 32. Nf3 Nxc5 33. bxc5 Rg4+ 34. Kf1 Qxf3 35. Ke1 Rxh4 0-1

[Event "Adelaide Lidums IM"]
[Site "Adelaide"]
[Date "2017.12.05"]
[Round "5"]
[White "Zulfic, Fedja"]
[Black "Rosen, Eric S"]
[Result "1/2-1/2"]
[WhiteElo "2135"]
[BlackElo "2379"]
[PlyCount "86"]
[EventDate "2017.12.02"]
[EventType "tourn"]
[EventRounds "9"]
[EventCountry "AUS"]
[EventCategory "1"]
[SourceTitle "CBM 182 Extra"]
[Source "ChessBase"]
[SourceDate "2018.02.23"]
[SourceVersion "1"]
[SourceVersionDate "2018.02.23"]
[SourceQuality "1"]

1. e4 c5 2. Nf3 Nc6 3. d4 cxd4 4. Nxd4 g6 5. c4 Bg7 6. Nc2 Nf6 7. Nc3 d6 8. Be2 0-0 9. 0-0 a5 10. Be3 a4 11. Rc1 Qa5 12. Na3 Be6 13. Nab1 Rfc8 14. b3 axb3 15. axb3 Nd7 16. Nd5 Bxd5 17. exd5 Nb4 18. f4 Bb2 19. f5 Bxc1 20. Bxc1 Qa1 21. fxg6 hxg6 22. Bg4 Rc7 23. Bxd7 Rxd7 24. Qg4 Nd3 25. Be3 Ne5 26. Qf4 Rf8 27. Bd4 Qa2 28. Nd2 Qc2 29. Ne4 Qe2 30. c5 f5 31. Ng5 Nd3 32. Qg3 dxc5 33. Ne6 Qh5 34. Nxf8 Kxf8 35. Qxd3 cxd4 36. Qxd4 Kf7 37. Qe5 Rd8 38. Rc1 Qg4 39. Rc7 Qd1+ 40. Kf2 Qd2+ 41. Kg1 Qd1+ 42. Kf2 Qd2+ 43. Kg1 Qd1+ 1/2-1/2

[Event "Adelaide Lidums IM"]
[Site "Adelaide"]
[Date "2017.12.04"]
[Round "4"]
[White "Loh, Zachary"]
[Black "Zulfic, Fedja"]
[Result "1/2-1/2"]
[WhiteElo "2218"]
[BlackElo "2135"]
[PlyCount "167"]
[EventDate "2017.12.02"]
[EventType "tourn"]
[EventRounds "9"]
[EventCountry "AUS"]
[EventCategory "1"]
[SourceTitle "CBM 182 Extra"]
[Source "ChessBase"]
[SourceDate "2018.02.23"]
[SourceVersion "1"]
[SourceVersionDate "2018.02.23"]
[SourceQuality "1"]

1. e4 c5 2. d4 cxd4 3. c3 d3 4. Bxd3 Nc6 5. c4 g6 6. Nf3 Bg7 7. 0-0 d6 8. h3 Nf6 9. Nc3 0-0 10. Be3 Nd7 11. Qd2 Nc5 12. Bc2 Be6 13. Nd5 Bxb2 14. Rab1 Bg7 15. Bh6 b6 16. Bxg7 Kxg7 17. Qc3+ f6 18. Ng5 Bg8 19. f4 e5 20. Nf3 Ne6 21. Kh2 Ncd4 22. Bd3 Nxf3+ 23. Rxf3 Nd4 24. Rf2 Rc8 25. Qa3 Qd7 26. Rbf1 Bxd5 27. cxd5 Rc5 28. fxe5 dxe5 29. Bb1 Rf7 30. Qg3 b5 31. Qa3 Qd6 32. Rc1 Rxd5 33. Qc3 b4 34. Qc8 Rb5 35. Bd3 Rb8 36. Qg4 a5 37. Bc4 Rc7 38. Rcf1 Rf8 39. Bd5 a4 40. h4 b3 41. h5 Rc2 42. axb3 axb3 43. Qh4 Rxf2 44. h6+ Kh8 45. Rxf2 f5 46. Qh3 Qf6 47. Kg1 Qg5 48. exf5 b2 49. Ba2 gxf5 50. Qa3 Qxh6 51. Qxb2 Rc8 52. Rf1 Qe3+ 53. Kh1 Qh6+ 54. Kg1 Qe3+ 55. Kh1 Qg3 56. Bd5 Qd3 57. Rc1 Rxc1+ 58. Qxc1 Qa6 59. Qc7 Qh6+ 60. Kg1 Qe3+ 61. Kh1 Qh6+ 62. Kg1 Qc1+ 63. Qxc1 Ne2+ 64. Kf2 Nxc1 65. Ke3 e4 66. Bc4 Kg7 67. Kd2 Nd3 68. Bxd3 exd3 69. Kxd3 Kf6 70. Ke3 Kg5 71. Kf3 h6 72. g3 h5 73. Kf2 Kf6 74. Ke3 Kg6 75. Kf2 Kg5 76. Kf3 Kh6 77. Ke3 Kg6 78. Kf2 Kf6 79. Ke3 Kg6 80. Kf2 Kh6 81. Ke3 h4 82. gxh4 Kh5 83. Kf4 Kxh4 84. Kxf5 1/2-1/2

[Event "Doeberl Cup 55th"]
[Site "Canberra"]
[Date "2017.04.14"]
[Round "4"]
[White "Lane, Gary William"]
[Black "Zulfic, Fedja"]
[Result "1-0"]
[WhiteElo "2391"]
[BlackElo "2118"]
[PlyCount "93"]
[EventDate "2017.04.13"]
[EventType "swiss"]
[EventRounds "9"]
[EventCountry "AUS"]
[SourceTitle "CBM 177 Extra"]
[Source "ChessBase"]
[SourceDate "2017.04.27"]
[SourceVersion "1"]
[SourceVersionDate "2017.04.27"]
[SourceQuality "1"]

1. e4 c5 2. Nf3 Nc6 3. d4 cxd4 4. Nxd4 e5 5. Nb5 d6 6. N1c3 a6 7. Na3 Be6 8. g3 h5 9. h3 g6 10. Bg2 Bg7 11. 0-0 Nf6 12. Nd5 Bxd5 13. exd5 Nd4 14. Nc4 Nf5 15. a4 Rc8 16. b3 0-0 17. a5 e4 18. Ba3 Rxc4 19. bxc4 e3 20. Bb2 exf2+ 21. Rxf2 Nxg3 22. Qd3 Nge4 23. Bxe4 Nxe4 24. Qxe4 Bxb2 25. Rb1 Qxa5 26. Kg2 Qc3 27. Qe7 Ba3 28. Rb3 Qa1 29. Rg3 Kg7 30. Rxg6+ Kxg6 31. Qxf8 Qg7 32. Qe7 Kh6+ 33. Kh2 Bb2 34. Rxf7 Be5+ 35. Kh1 Qg6 36. Qe6 b6 37. h4 a5 38. Rd7 a4 39. Ra7 Qxe6 40. dxe6 Kg6 41. Rxa4 Kf6 42. Ra7 Kxe6 43. Rh7 Kf5 44. Rxh5+ Ke4 45. Kg2 Kd4 46. Kf3 Kxc4 47. Rxe5 1-0

[Event "South Australia-ch"]
[Site "Adelaide"]
[Date "2017.02.07"]
[Round "1"]
[White "Zulfic, Fedja"]
[Black "Lee, Aaron James"]
[Result "1-0"]
[WhiteElo "2118"]
[BlackElo "1664"]
[PlyCount "73"]
[EventDate "2017.02.07"]
[EventType "tourn"]
[EventRounds "9"]
[EventCountry "AUS"]
[SourceTitle "EXT 2023"]
[Source "ChessBase"]
[SourceDate "2022.10.05"]
[SourceVersion "1"]
[SourceVersionDate "2022.10.05"]
[SourceQuality "1"]

1. d4 Nf6 2. c4 c5 3. d5 e6 4. Nc3 exd5 5. cxd5 d6 6. e4 g6 7. h3 Bg7 8. Nf3 0-0 9. Bd3 b5 10. Bxb5 Nxe4 11. Nxe4 Qa5+ 12. Nfd2 Qxb5 13. Nxd6 Qd7 14. N2c4 Qe7+ 15. Be3 Bxb2 16. Nxb2 Qxd6 17. Nc4 Qf6 18. 0-0 Ba6 19. Qc1 Nd7 20. Rd1 Rab8 21. Bg5 Qh8 22. Na5 Ne5 23. Nc6 Nxc6 24. dxc6 c4 25. Qf4 f5 26. Bh6 Rfe8 27. Qd6 Qc3 28. Qd5+ Kh8 29. Rac1 Qf6 30. Be3 Qe6 31. Qxe6 Rxe6 32. c7 Rc8 33. Rd7 Rc6 34. Bf4 Kg8 35. Re1 g5 36. Ree7 Rf6 37. Bxg5 1-0